Á lódáil...
Dalit soundarya sankalpam adhunika malayala kavithayil/
| Príomhúdar: | |
|---|---|
| Formáid: | Ph.D Thesis |
| Teanga: | Malayalam |
| Foilsithe: |
Calicut University:
Department of Malayalam,
1999.
|
| LEADER | 00447nam a22001097a 4500 | ||
|---|---|---|---|
| 008 | 171220b xxu||||| |||| 00| 0 mal d | ||
| 100 | |a Manojkumar,C.K. | ||
| 245 | |a Dalit soundarya sankalpam adhunika malayala kavithayil/ |c Manojkumar,C.K. | ||
| 260 | |a Calicut University: |b Department of Malayalam, |c 1999. | ||
| 942 | |c TH | ||
| 999 | |c 236593 |d 236593 | ||
| 952 | |0 0 |1 0 |4 0 |6 35_000000000000000 |7 0 |9 262605 |a MAL |b MAL |c ST1 |d 2017-12-20 |l 0 |o 35 |p MALNB335 |r 2017-12-20 |w 2017-12-20 |y TH | ||